[Event "Svetla nad Sazavou Mares Memorial"]
[Site "Svetla nad Sazavou"]
[Date "2023.12.29"]
[Round "5"]
[White "Vranova, Zdenka"]
[Black "Fisar, Josef"]
[Result "1-0"]
[WhiteElo "1861"]
[BlackElo "2052"]
[PlyCount "84"]
[EventDate "2023.12.29"]
[EventType "swiss"]
[EventRounds "9"]
[EventCountry "CZE"]
[SourceTitle "CB02_2024"]
[SourceDate "2024.01.10"]
[SourceVersion "1"]
[SourceVersionDate "2024.01.10"]
[SourceQuality "1"]

1. e4 c5 2. Nf3 d6 3. Bc4 e6 4. 0-0 a6 5. c3 b5 6. Bb3 Bb7 7. d3 Be7 8. Nbd2 Nf6 9. Re1 e5 10. Nf1 Nbd7 11. Ne3 g6 12. h3 c4 13. dxc4 Nxe4 14. cxb5 axb5 15. Nd5 Nec5 16. Bc2 Bxd5 17. Qxd5 0-0 18. Bh6 Re8 19. b4 Nb6 20. Qd2 Ne6 21. Bb3 Qd7 22. Be3 Qc6 23. Red1 Nc4 24. Qe2 Rec8 25. Bh6 Ra7 26. Rac1 Rac7 27. Ne1 Rd7 28. g3 Ng5 29. h4 Ne4 30. Kh2 Qb7 31. f3 Nf6 32. Ng2 Qb8 33. Bxc4 Rxc4 34. Ne3 Rc6 35. Bg5 Qa8 36. Bxf6 Bxf6 37. Nd5 Bg7 38. Rc2 Ra6 39. Qxb5 Rb7 40. Qc4 Qb8 41. Rdd2 Ra3 42. Re2 h5 1-0

[Event "CZE-ch Betsys Online Blitz"]
[Site "Chess.com INT"]
[Date "2021.04.17"]
[Round "13"]
[White "Mudrak, Josef"]
[Black "Vranova, Zdenka"]
[Result "1-0"]
[WhiteElo "2187"]
[BlackElo "1975"]
[PlyCount "85"]
[EventDate "2021.04.17"]
[EventType "swiss (blitz)"]
[EventRounds "13"]
[EventCountry "CZE"]
[SourceTitle "CBM 201 Extra"]
[Source "ChessBase"]
[SourceDate "2021.05.31"]
[SourceVersion "1"]
[SourceVersionDate "2021.05.31"]
[SourceQuality "1"]

1. d4 d5 2. Nf3 e6 3. g3 Nf6 4. Bg2 c5 5. 0-0 Nc6 6. c4 cxd4 7. Nxd4 Nxd4 8. Qxd4 dxc4 9. Qxc4 Be7 10. Nc3 0-0 11. Be3 Qa5 12. a3 Nd7 13. b4 Qh5 14. Bf3 Qg6 15. Nb5 Ne5 16. Qe4 Nxf3+ 17. exf3 Bd7 18. Nxa7 Qh5 19. Qxb7 Rfd8 20. Rfd1 Rab8 21. Qe4 Ba4 22. Rxd8+ Rxd8 23. Nc6 Bf6 24. Nxd8 Bxa1 25. Qa8 h6 26. Qxa4 Kh7 27. Qd7 Qxf3 28. Qxf7 Qd1+ 29. Kg2 Qxd8 30. Qb7 Qd3 31. a4 Bc3 32. a5 h5 33. a6 h4 34. gxh4 Qg6+ 35. Kf1 Qb1+ 36. Ke2 Qc2+ 37. Kf3 Qf5+ 38. Bf4 Qh3+ 39. Ke2 Qxh4 40. Qe4+ g6 41. a7 Qh5+ 42. Kd3 Bxb4 43. Qb7+ 1-0

[Event "Skalica op"]
[Site "Skalica"]
[Date "2020.01.11"]
[Round "9"]
[White "Vranova, Zdenka"]
[Black "Guba, Peter"]
[Result "1-0"]
[WhiteElo "1981"]
[BlackElo "1575"]
[PlyCount "81"]
[EventDate "2020.01.11"]
[EventType "swiss"]
[EventRounds "9"]
[EventCountry "SVK"]
[SourceTitle "CBM 194 Extra"]
[Source "ChessBase"]
[SourceDate "2020.03.31"]
[SourceVersion "1"]
[SourceVersionDate "2020.03.31"]
[SourceQuality "1"]

1. e4 b6 2. d4 Bb7 3. Bd3 d6 4. Ne2 Nd7 5. 0-0 g6 6. c3 Bg7 7. Re1 e6 8. Nd2 Ne7 9. Nf1 h5 10. Be3 Nf6 11. f3 h4 12. Qd2 h3 13. g3 Nh5 14. Bg5 f6 15. Be3 g5 16. g4 Nf4 17. Nxf4 gxf4 18. Bxf4 Qd7 19. Ng3 0-0-0 20. Nh5 Ng6 21. Be3 Rxh5 22. gxh5 Nh4 23. Qf2 Ng2 24. Rf1 Rg8 25. Kh1 f5 26. Bd2 f4 27. Rg1 Bh6 28. Bc4 Rg7 29. Bf1 e5 30. d5 Qf7 31. Bxg2 hxg2+ 32. Rxg2 Rh7 33. Qh4 Bf8 34. Qg4+ Kb8 35. Qg6 Qd7 36. Rag1 Bc8 37. Qf6 Rxh5 38. Bxf4 Be7 39. Qg6 Qh3 40. Bg3 Bg4 41. Qxg4 1-0

[Event "Skalica op"]
[Site "Skalica"]
[Date "2020.01.11"]
[Round "5"]
[White "Vranova, Zdenka"]
[Black "Vrana, Frantisek"]
[Result "0-1"]
[WhiteElo "1981"]
[BlackElo "2239"]
[PlyCount "104"]
[EventDate "2020.01.11"]
[EventType "swiss"]
[EventRounds "9"]
[EventCountry "SVK"]
[SourceTitle "CBM 194 Extra"]
[Source "ChessBase"]
[SourceDate "2020.03.31"]
[SourceVersion "1"]
[SourceVersionDate "2020.03.31"]
[SourceQuality "1"]

1. e4 c6 2. Nf3 d5 3. exd5 cxd5 4. d4 Nf6 5. h3 Bf5 6. c3 Nc6 7. Nbd2 e6 8. Be2 Be7 9. Nf1 h6 10. Ng3 Bh7 11. 0-0 0-0 12. Re1 a6 13. Ne5 Nxe5 14. dxe5 Nd7 15. Bd3 Qc7 16. f4 Bh4 17. Kh2 f6 18. Bxh7+ Kxh7 19. exf6 Rxf6 20. Nh5 Bxe1 21. Nxf6+ Nxf6 22. Qxe1 Ne4 23. g3 Qb6 24. b3 Qc5 25. c4 Qd4 26. Be3 Qb2+ 27. Kg1 Rc8 28. g4 b5 29. Qb1 Qc3 30. Qc1 bxc4 31. Qxc3 Nxc3 32. bxc4 Rxc4 33. Kf2 Ra4 34. a3 Nb5 35. Bd2 Rxa3 36. Rxa3 Nxa3 37. Ke2 Nc4 38. Bc3 a5 39. Kd3 a4 40. Kd4 a3 41. f5 exf5 42. gxf5 a2 43. Kxd5 Ne3+ 44. Ke5 Nc2 45. f6 gxf6+ 46. Kxf6 a1Q 47. Bxa1 Nxa1 48. h4 Nb3 49. h5 Nc5 50. Kf7 Ne4 51. Ke6 Kg7 52. Kf5 Nf6 0-1

[Event "CZE-chT2E 1819"]
[Site "Czech Republic"]
[Date "2019.03.17"]
[Round "10.6"]
[White "Vranova, Zdenka"]
[Black "Balsinek, Pavel"]
[Result "1/2-1/2"]
[WhiteElo "1964"]
[BlackElo "2007"]
[PlyCount "33"]
[EventDate "2018.10.14"]
[EventType "team-tourn"]
[EventRounds "11"]
[EventCountry "CZE"]
[SourceTitle "EXT 2022"]
[Source "ChessBase"]
[SourceDate "2021.10.06"]
[SourceVersion "1"]
[SourceVersionDate "2021.10.06"]
[SourceQuality "1"]
[WhiteTeam "Stare Mesto II"]
[BlackTeam "Prusanky Podluzan"]
[WhiteTeamCountry "CZE"]
[BlackTeamCountry "CZE"]

1. e4 e5 2. Nf3 Nc6 3. Bc4 Bc5 4. 0-0 Nf6 5. d3 0-0 6. Bg5 h6 7. Bh4 Be7 8. Nc3 d6 9. Bxf6 Bxf6 10. Nd5 Be6 11. c3 Re8 12. b4 Bxd5 13. Bxd5 Qd7 14. Qb3 Nd8 15. Qc2 c6 16. Bb3 Ne6 17. Bxe6 1/2-1/2

[Event "Vlcnov Oharka Memorial"]
[Site "Vlcnov"]
[Date "2018.12.26"]
[Round "9"]
[White "Babula, Milan"]
[Black "Vranova, Zdenka"]
[Result "0-1"]
[WhiteElo "2237"]
[BlackElo "1980"]
[PlyCount "71"]
[EventDate "2018.12.26"]
[EventType "swiss"]
[EventRounds "9"]
[EventCountry "CZE"]
[SourceTitle "CBM 188 Extra"]
[Source "ChessBase"]
[SourceDate "2019.02.26"]
[SourceVersion "1"]
[SourceVersionDate "2019.02.26"]
[SourceQuality "1"]

1. e4 e5 2. Nf3 Nf6 3. Nc3 d6 4. g3 Be7 5. Bg2 c6 6. 0-0 0-0 7. d4 Qc7 8. h3 Bd7 9. Be3 Na6 10. a3 Rad8 11. Qe2 Nb8 12. dxe5 dxe5 13. Bxa7 b6 14. Bxb8 Qxb8 15. Rfd1 h6 16. Rd2 Be6 17. Rad1 Rxd2 18. Rxd2 Qc7 19. Nh4 b5 20. Nf5 Bc5 21. Qf3 Kh7 22. g4 Rd8 23. Rxd8 Qxd8 24. Bf1 Qd2 25. Qe2 Qf4 26. Kg2 Bd4 27. Ng3 Qc1 28. Nd1 Bxb2 29. h4 Bxa3 30. g5 hxg5 31. Ne3 gxh4 32. Nh5 Ne8 33. Qf3 Be7 34. Nf5 Qg5+ 35. Kh2 g6 36. Bh3 0-1

[Event "Vlcnov Oharka Memorial"]
[Site "Vlcnov"]
[Date "2018.12.26"]
[Round "4"]
[White "Vranova, Zdenka"]
[Black "Danada, Tomas"]
[Result "1-0"]
[WhiteElo "1980"]
[BlackElo "2144"]
[PlyCount "75"]
[EventDate "2018.12.26"]
[EventType "swiss"]
[EventRounds "9"]
[EventCountry "CZE"]
[SourceTitle "CBM 188 Extra"]
[Source "ChessBase"]
[SourceDate "2019.02.26"]
[SourceVersion "1"]
[SourceVersionDate "2019.02.26"]
[SourceQuality "1"]

1. e4 g6 2. Nf3 Bg7 3. d4 Nf6 4. e5 Ne4 5. Bd3 d5 6. 0-0 c5 7. dxc5 Nxc5 8. Bf4 Nc6 9. h3 Nxd3 10. Qxd3 0-0 11. c3 Qb6 12. Qd2 Bf5 13. Re1 Be4 14. Ng5 Nxe5 15. Nxe4 dxe4 16. Rxe4 Rad8 17. Qe2 Nd3 18. Na3 Nxf4 19. Rxf4 e5 20. Rb4 Qc6 21. Rd1 a6 22. Nc2 b5 23. Ne3 f5 24. c4 Qc5 25. a3 f4 26. Nd5 Rfe8 27. Qe4 Qf8 28. cxb5 axb5 29. Rxb5 Re6 30. Nc3 Rxd1+ 31. Nxd1 Rd6 32. Nc3 Rd2 33. a4 g5 34. a5 Qc8 35. a6 Qxa6 36. Qc4+ Kf8 37. Rb8+ Ke7 38. Qxa6 1-0

[Event "CZE-chT2E 1718"]
[Site "Czech Republic"]
[Date "2017.12.17"]
[Round "5.8"]
[White "Vranova, Zdenka"]
[Black "Zpevak, Milan"]
[Result "1/2-1/2"]
[WhiteElo "1996"]
[BlackElo "1893"]
[PlyCount "85"]
[EventDate "2017.10.15"]
[EventType "team-tourn"]
[EventRounds "11"]
[EventCountry "CZE"]
[SourceTitle "EXT 2022"]
[Source "ChessBase"]
[SourceDate "2021.10.06"]
[SourceVersion "1"]
[SourceVersionDate "2021.10.06"]
[SourceQuality "1"]
[WhiteTeam "Stare Mesto II"]
[BlackTeam "Prusanky Podluzan"]
[WhiteTeamCountry "CZE"]
[BlackTeamCountry "CZE"]

1. e4 e5 2. Nf3 d6 3. Bc4 Bg4 4. d3 Be7 5. 0-0 Nc6 6. c3 Na5 7. Bb5+ c6 8. Ba4 b5 9. Bc2 Nf6 10. d4 Qc7 11. b3 0-0 12. Nbd2 Rfd8 13. Re1 Rac8 14. Qe2 a6 15. Nf1 c5 16. dxe5 dxe5 17. Bg5 c4 18. b4 Nc6 19. Ne3 Bh5 20. Nf5 Ne8 21. Nxe7+ Nxe7 22. h3 f6 23. Be3 Nd6 24. Rad1 Nb7 25. g4 Bf7 26. Kh2 h5 27. Rg1 Rxd1 28. Qxd1 Rd8 29. Nd2 h4 30. Qe2 g5 31. Nf3 Ng6 32. Rd1 Rxd1 33. Qxd1 Qd6 34. Qc1 Be8 35. Qf1 Bc6 36. a4 Nd8 37. axb5 axb5 38. Qa1 Ne6 39. Qa6 Qd7 40. Nd2 Bb7 41. Qa7 Ngf4 42. Nb1 Bc8 43. Qxd7 1/2-1/2

[Event "SVK-chT2C 1718"]
[Site "Slovakia"]
[Date "2017.11.25"]
[Round "3.3"]
[White "Tropp, Frantisek"]
[Black "Vranova, Zdenka"]
[Result "1/2-1/2"]
[WhiteElo "2114"]
[BlackElo "1978"]
[PlyCount "60"]
[EventDate "2017.10.28"]
[EventType "team-tourn"]
[EventRounds "11"]
[EventCountry "SVK"]
[SourceTitle "CBM 181 Extra"]
[Source "ChessBase"]
[SourceDate "2017.12.12"]
[SourceVersion "1"]
[SourceVersionDate "2017.12.12"]
[SourceQuality "1"]
[WhiteTeam "Liptov Chess School III"]
[BlackTeam "Rajecke Teplice"]
[WhiteTeamCountry "SVK"]
[BlackTeamCountry "SVK"]

1. e4 e5 2. Nf3 Nf6 3. Nc3 d6 4. d4 Nbd7 5. Be3 c6 6. a4 Be7 7. Bd3 0-0 8. 0-0 Re8 9. h3 Qc7 10. Re1 Nf8 11. dxe5 dxe5 12. Qe2 Ne6 13. Bc4 Bb4 14. Bd3 Qa5 15. Reb1 Nc5 16. Bxc5 Bxc5 17. Nd2 Be6 18. Nd1 Qc7 19. b4 Bf8 20. Ne3 Red8 21. Bc4 Bxc4 22. Nexc4 b5 23. Ne3 bxa4 24. Rxa4 a5 25. bxa5 Rxa5 26. Rxa5 Qxa5 27. Nb3 Qb4 28. Nc4 Rd4 29. Ncd2 Rd8 30. Qc4 Qxc4 1/2-1/2